Procedural guidelines for fairness opinions (Record no. 113389)
[ view plain ]
| 000 -LEADER | |
|---|---|
| fixed length control field | 01339cad a22002175a 4500 |
| 001 - CONTROL NUMBER | |
| control field | L155199 |
| 008 - FIXED-LENGTH DATA ELEMENTS--GENERAL INFORMATION | |
| fixed length control field | 120309s2012 xxk f 000 0 eng d |
| 035 ## - SYSTEM CONTROL NUMBER | |
| System control number | (Sirsi) u155199 |
| 041 0# - LANGUAGE CODE | |
| Language code of text/sound track or separate title | eng |
| 110 2# - MAIN ENTRY--CORPORATE NAME | |
| Corporate name or jurisdiction name as entry element | International Valuation Standards Council |
| 9 (RLIN) | 5828 |
| 245 00 - TITLE STATEMENT | |
| Title | Procedural guidelines for fairness opinions |
| Remainder of title | exposure draft |
| Medium | [electronic resource] |
| 260 ## - PUBLICATION, DISTRIBUTION, ETC. | |
| Place of publication, distribution, etc. | London |
| Name of publisher, distributor, etc. | IVSC |
| Date of publication, distribution, etc. | 2012 |
| 490 02 - SERIES STATEMENT | |
| Series statement | International Valuation Standards Council Exposure Drafts |
| Volume/sequential designation | March 2012 |
| 505 2# - FORMATTED CONTENTS NOTE | |
| Formatted contents note | Introduction to exposure draft -- Questions for respondents -- Exposure draft: procedural guidelines for fairness opinions |
| 520 ## - SUMMARY, ETC. | |
| Summary, etc. | A fairness opinion is an opinion on whether the financial terms of a proposed corporate transaction such as a takeover, merger or sale of part or all of a business are fair to the shareholders of the entity concerned. Providing an opinion of the fairness of a transaction from a financial perspective usually requires a valuation or valuation analysis, undertaken in accordance with the International Valuation Standards and other IVSC codes and guidance. Comments on this exposure draft are invited before 31 May 2012. |
| 590 ## - LOCAL NOTE (RLIN) | |
| Local note | NTK KA |
| 651 #4 - SUBJECT ADDED ENTRY--GEOGRAPHIC NAME | |
| Geographic name | International |
| 690 ## - LOCAL SUBJECT ADDED ENTRY--TOPICAL TERM (OCLC, RLIN) | |
| Topical term or geographic name as entry element | Valuation |
| 9 (RLIN) | 6273 |
| 856 40 - ELECTRONIC LOCATION AND ACCESS | |
| Uniform Resource Identifier | <a href="https://www.ivsc.org/pubs/index.html">https://www.ivsc.org/pubs/index.html</a> |
| Public note | View the exposure draft at www.ivsc.org |
| 942 ## - ADDED ENTRY ELEMENTS (KOHA) | |
| Suppress in OPAC | 0 |
| Withdrawn status | Lost status | Source of classification or shelving scheme | Damaged status | Not for loan | Home library | Current library | Shelving location | Date acquired | Total Checkouts | Full call number | Barcode | Date last seen | Copy number | Price effective from | Koha item type |
|---|---|---|---|---|---|---|---|---|---|---|---|---|---|---|---|
| Dewey Decimal Classification | Virtual | Virtual | Online | 09/03/2012 | ONLINE PUBLICATION | 155199-2001 | 06/08/2019 | 1 | 06/08/2019 | Book |